MARC

Tag First Indicator Second Indicator Subfields
LEADER 00000cam a22000004a 4500
001 in00002781500
005 20150922132618.0
008 101216s2012 nyu b 001 0 eng
010 |a  2010048329 
016 7 |a 015700540  |2 Uk 
020 |a 9780073380247 
020 |a 0073380245 
035 |a (OCoLC)ocn664665962 
035 |a (OCoLC)664665962 
040 |a DLC  |c DLC  |d BTCTA  |d CDX  |d YDXCP  |d IG#  |d STF  |d UKMGB  |d OCLCQ  |d TXA  |d UtOrBLW 
042 |a pcc 
049 |a TXAM 
050 0 0 |a TL570  |b .A68 2012 
082 0 0 |a 629.1  |2 22 
100 1 |a Anderson, John D.,  |c Jr.  |q (John David),  |d 1937- 
245 1 0 |a Introduction to flight /  |c John D. Anderson, Jr. 
250 |a 7th ed. 
264 1 |a New York :  |b McGraw Hill,  |c 2012. 
300 |a xviii, 925 pages :  |b illustrations ;  |c 24 cm. 
336 |a text  |b txt  |2 rdacontent 
337 |a unmediated  |b n  |2 rdamedia 
338 |a volume  |b nc  |2 rdacarrier 
490 1 |a Anderson series 
504 |a Includes bibliographical references and index. 
650 0 |a Aerodynamics. 
650 0 |a Airplanes  |x Design and construction. 
650 0 |a Space flight. 
800 1 |a Anderson, John D.,  |c Jr.  |q (John David),  |d 1937-  |t Anderson series. 
856 4 2 |3 Contributor biographical information  |u http://catdir.loc.gov/catdir/enhancements/fy1107/2010048329-b.html  |t 0 
856 4 2 |3 Publisher description  |u http://catdir.loc.gov/catdir/enhancements/fy1107/2010048329-d.html  |t 0 
856 4 1 |3 Table of contents only  |u http://catdir.loc.gov/catdir/enhancements/fy1107/2010048329-t.html  |t 0 
948 |a cataloged  |b h  |c 2012/10/29  |d c  |e jolivare  |f 2:00:22 pm 
994 |a C0  |b TXA 
999 |a MARS 
999 f f |s 388c36f6-22a0-3aa5-b665-4ac3a871a360  |i ee8faef2-6692-3bbe-8e72-538017493090  |t 0 
952 f f |p normal  |a Texas A&M University  |b College Station  |c Sterling C. Evans Library  |s Evans stk  |d Evans: Library Stacks  |t 0  |e TL570 .A68 2012  |h Library of Congress classification  |i unmediated -- volume  |m A14841592487 
998 f f |a TL570 .A68 2012  |t 0  |l Evans: Library Stacks